00443nam a22001577a 450000500170000001000150001702000260003203500140005803700130007208200100008510000280009524500580012326000480018127000390022930000170026820240403112548.0 aENG-140026 c495.00a9789354980253 aEN-123558 bDBAD/PUB a128.2 aStrattom,George Malcolm aDeveloping Mental Power/c By George Malcolm Strattom a DelhibFBS Publishers & Distributorsc2022 bDelhia918, Mukerjee Nagare110009 a99p:c22(hb)